|
|
|
|
| LEADER |
00000cam a2200000 7i4500 |
| 001 |
0000004571 |
| 002 |
000004929 |
| 005 |
20000330.0 |
| 020 |
|
|
|a 9838610623
|
| 090 |
0 |
0 |
|a 363.7392
|b OZO
|
| 245 |
1 |
0 |
|a Ozone depletion
|c edited by Mohammad Ilyas
|
| 260 |
|
|
|a Pulau Pinang :
|b USM/United Nation Environment Programme ,
|c 1991
|
| 300 |
|
|
|a 374p. ;
|c 24cm.
|
| 650 |
0 |
0 |
|a Atmospheric ozone
|x Reduction
|
| 650 |
0 |
0 |
|a Ozone layer depletion
|x Tropics
|
| 999 |
|
|
|a 034661
|b BUKU
|c PINJAMAN
|e PERPUSTAKAAN KOMUNITI PETALING JAYA
|
| 999 |
|
|
|a 034662
|b BUKU
|c PINJAMAN
|e PERPUSTAKAAN KOMUNITI PETALING JAYA
|